000 01110nam a2200217 a 4500
001 BRCA_9096
005 20190320210524.0
008 041017s1766----sp-#######---#000-0#lat-#
041 _alat
044 _asp
084 _aBE175
_b.S26 1766
245 1 0 _aSanctissimi domini nostri Benedicti Papae XIV
_bconstitutiones selectae, necnon bullae, decreta, epistolae, &c. correctae, restitutae, ac redintegratae: panochis, confessariis, omnibusque animarum pastoribus utiliores ac necessariae: in quibus theologia moralis ac dogmaticae precepta vere perspicua, ex scripturis precipues, ac Sacris Canonibus traduntur: pars secunda.
260 _aMatriti
_bApud Viduam Elizaei Sánchez
_c1766
300 _a384 p. (t.2)
_c21.5 x 16 cm
500 _aSupeiorum permissu
500 _aEn portada: Se hallará en la Imprenta de la Plazuela de Santa Cathalina de los Donados
500 _aEstado físico: presenta encuadernación en pergamino con cintas rotas, cantos decorados y presencia del pez de plata
650 1 4 _aIglesia católica
_xHistoria
_yObras anteriores a 1800
_921972
902 _aCFM
942 _2lcc
_cB
999 _c8745
_d8745